<?xml version="1.0" encoding="UTF-8"?>
<record
    xmlns:xsi="http://www.w3.org/2001/XMLSchema-instance"
    xsi:schemaLocation="http://www.loc.gov/MARC21/slim http://www.loc.gov/standards/marcxml/schema/MARC21slim.xsd"
    xmlns="http://www.loc.gov/MARC21/slim">

  <leader>02068nam0a2200457   4500</leader>
  <controlfield tag="001">RU\NLR\bibl\1221701</controlfield>
  <controlfield tag="005">20260408202627.0</controlfield>
  <datafield tag="010" ind1=" " ind2=" ">
    <subfield code="a">978-5-9265-0515-0</subfield>
    <subfield code="9">4000</subfield>
  </datafield>
  <datafield tag="021" ind1=" " ind2=" ">
    <subfield code="a">RU</subfield>
    <subfield code="b">2008-18145</subfield>
    <subfield code="9">990</subfield>
  </datafield>
  <datafield tag="035" ind1=" " ind2=" ">
    <subfield code="a">(NLR Aleph) 001208047</subfield>
  </datafield>
  <datafield tag="035" ind1=" " ind2=" ">
    <subfield code="a">(nilc)EL/0000172702</subfield>
  </datafield>
  <datafield tag="090" ind1=" " ind2=" ">
    <subfield code="a">60342</subfield>
    <subfield code="c">60342</subfield>
  </datafield>
  <datafield tag="100" ind1=" " ind2=" ">
    <subfield code="a">20080208d2008    u  y0rusy50      ca</subfield>
  </datafield>
  <datafield tag="101" ind1="0" ind2=" ">
    <subfield code="a">rus</subfield>
  </datafield>
  <datafield tag="102" ind1=" " ind2=" ">
    <subfield code="a">RU</subfield>
  </datafield>
  <datafield tag="105" ind1=" " ind2=" ">
    <subfield code="a">y   |||||||||</subfield>
  </datafield>
  <datafield tag="200" ind1="1" ind2=" ">
    <subfield code="a">&#x421;&#x435;&#x43A;&#x440;&#x435;&#x442;&#x43D;&#x430;&#x44F; &#x410;&#x43D;&#x442;&#x430;&#x440;&#x43A;&#x442;&#x438;&#x434;&#x430;, &#x438;&#x43B;&#x438; &#x420;&#x443;&#x441;&#x441;&#x43A;&#x430;&#x44F; &#x440;&#x430;&#x437;&#x432;&#x435;&#x434;&#x43A;&#x430; &#x43D;&#x430; &#x42E;&#x436;&#x43D;&#x43E;&#x43C; &#x41F;&#x43E;&#x43B;&#x44E;&#x441;&#x435;</subfield>
    <subfield code="f">&#x41E;&#x43B;&#x44C;&#x433;&#x430; &#x413;&#x440;&#x435;&#x439;&#x433;&#x44A;</subfield>
  </datafield>
  <datafield tag="210" ind1=" " ind2=" ">
    <subfield code="a">&#x41C;&#x43E;&#x441;&#x43A;&#x432;&#x430;</subfield>
    <subfield code="c">&#x410;&#x43B;&#x433;&#x43E;&#x440;&#x438;&#x442;&#x43C;</subfield>
    <subfield code="d">2008</subfield>
  </datafield>
  <datafield tag="215" ind1=" " ind2=" ">
    <subfield code="a">286, [1] &#x441;.</subfield>
    <subfield code="d">21</subfield>
  </datafield>
  <datafield tag="225" ind1="1" ind2=" ">
    <subfield code="a">&#x418;&#x441;&#x442;&#x43E;&#x440;&#x438;&#x447;&#x435;&#x441;&#x43A;&#x438;&#x439; &#x442;&#x440;&#x438;&#x43B;&#x43B;&#x435;&#x440;</subfield>
  </datafield>
  <datafield tag="517" ind1="0" ind2=" ">
    <subfield code="a">&#x420;&#x443;&#x441;&#x441;&#x43A;&#x430;&#x44F; &#x440;&#x430;&#x437;&#x432;&#x435;&#x434;&#x43A;&#x430; &#x43D;&#x430; &#x42E;&#x436;&#x43D;&#x43E;&#x43C; &#x41F;&#x43E;&#x43B;&#x44E;&#x441;&#x435;</subfield>
    <subfield code="z">rus</subfield>
  </datafield>
  <datafield tag="606" ind1="1" ind2=" ">
    <subfield code="a">&#x412;&#x43E;&#x435;&#x43D;&#x43D;&#x44B;&#x435; &#x431;&#x430;&#x437;&#x44B; &#x43D;&#x435;&#x43C;&#x435;&#x446;&#x43A;&#x438;&#x435;</subfield>
    <subfield code="y">&#x410;&#x43D;&#x442;&#x430;&#x440;&#x43A;&#x442;&#x438;&#x434;&#x430;</subfield>
    <subfield code="z">1933 - 1945</subfield>
    <subfield code="9">2475264</subfield>
    <subfield code="3">RU\NLR\auth\661469801</subfield>
  </datafield>
  <datafield tag="606" ind1="1" ind2=" ">
    <subfield code="a">&#x412;&#x43E;&#x435;&#x43D;&#x43D;&#x44B;&#x435; &#x431;&#x430;&#x437;&#x44B; &#x441;&#x43E;&#x432;&#x435;&#x442;&#x441;&#x43A;&#x438;&#x435;</subfield>
    <subfield code="y">&#x410;&#x43D;&#x442;&#x430;&#x440;&#x43A;&#x442;&#x438;&#x434;&#x430;</subfield>
    <subfield code="z">1930 - 1940-&#x44B;&#x435; &#x433;&#x433;.</subfield>
    <subfield code="9">2549271</subfield>
    <subfield code="3">RU\NLR\auth\661508617</subfield>
  </datafield>
  <datafield tag="606" ind1=" " ind2=" ">
    <subfield code="a">&#x420;&#x430;&#x437;&#x432;&#x435;&#x434;&#x43A;&#x430; (&#x432;&#x43E;&#x435;&#x43D;.) &#x441;&#x43E;&#x432;&#x435;&#x442;&#x441;&#x43A;&#x430;&#x44F;</subfield>
    <subfield code="x">&#x418;&#x441;&#x442;&#x43E;&#x440;&#x438;&#x44F;</subfield>
    <subfield code="z">1930 - 1940-&#x44B;&#x435; &#x433;&#x433;.</subfield>
    <subfield code="3">RU\NLR\auth\661508619</subfield>
    <subfield code="9">2549275</subfield>
  </datafield>
  <datafield tag="607" ind1=" " ind2=" ">
    <subfield code="a">&#x421;&#x421;&#x421;&#x420;</subfield>
    <subfield code="x">&#x412;&#x43E;&#x435;&#x43D;&#x43D;&#x43E;-&#x442;&#x435;&#x445;&#x43D;&#x438;&#x447;&#x435;&#x441;&#x43A;&#x43E;&#x435; &#x441;&#x43E;&#x442;&#x440;&#x443;&#x434;&#x43D;&#x438;&#x447;&#x435;&#x441;&#x442;&#x432;&#x43E;</subfield>
    <subfield code="y">&#x413;&#x435;&#x440;&#x43C;&#x430;&#x43D;&#x438;&#x44F;</subfield>
    <subfield code="z">1930 - 1940-&#x44B;&#x435; &#x433;&#x433;.</subfield>
    <subfield code="9">2549277</subfield>
    <subfield code="3">RU\NLR\auth\661508620</subfield>
  </datafield>
  <datafield tag="607" ind1=" " ind2=" ">
    <subfield code="a">&#x413;&#x435;&#x440;&#x43C;&#x430;&#x43D;&#x438;&#x44F;</subfield>
    <subfield code="x">&#x412;&#x43E;&#x435;&#x43D;&#x43D;&#x43E;-&#x442;&#x435;&#x445;&#x43D;&#x438;&#x447;&#x435;&#x441;&#x43A;&#x43E;&#x435; &#x441;&#x43E;&#x442;&#x440;&#x443;&#x434;&#x43D;&#x438;&#x447;&#x435;&#x441;&#x442;&#x432;&#x43E;</subfield>
    <subfield code="y">&#x421;&#x421;&#x421;&#x420;</subfield>
    <subfield code="z">1930 - 1940-&#x44B;&#x435; &#x433;&#x433;.</subfield>
    <subfield code="9">2549278</subfield>
    <subfield code="3">RU\NLR\auth\661508621</subfield>
  </datafield>
  <datafield tag="686" ind1=" " ind2=" ">
    <subfield code="a">67.401.212</subfield>
    <subfield code="v">LBC/PL</subfield>
    <subfield code="2">rubbk</subfield>
  </datafield>
  <datafield tag="686" ind1=" " ind2=" ">
    <subfield code="a">&#x426;8(4&#x413;)34</subfield>
  </datafield>
  <datafield tag="686" ind1=" " ind2=" ">
    <subfield code="a">&#x426;8(2)34</subfield>
  </datafield>
  <datafield tag="686" ind1=" " ind2=" ">
    <subfield code="a">&#x426;68,6(2)-1</subfield>
  </datafield>
  <datafield tag="686" ind1=" " ind2=" ">
    <subfield code="a">&#x426;8(2)2&#x433;</subfield>
  </datafield>
  <datafield tag="686" ind1=" " ind2=" ">
    <subfield code="a">&#x426;8(4&#x413;)2&#x433;</subfield>
  </datafield>
  <datafield tag="700" ind1=" " ind2="1">
    <subfield code="4">070</subfield>
    <subfield code="8">rus</subfield>
    <subfield code="7">ca</subfield>
    <subfield code="a">&#x413;&#x440;&#x435;&#x439;&#x433;&#x44A;</subfield>
    <subfield code="b">&#x41E;. &#x418;.</subfield>
    <subfield code="f">1963-</subfield>
    <subfield code="g">&#x41E;&#x43B;&#x44C;&#x433;&#x430; &#x418;&#x432;&#x430;&#x43D;&#x43E;&#x432;&#x43D;&#x430;</subfield>
    <subfield code="3">RU\NLR\AUTH\77101792</subfield>
    <subfield code="9">84718</subfield>
  </datafield>
  <datafield tag="801" ind1=" " ind2="0">
    <subfield code="a">RU</subfield>
    <subfield code="b">&#x426;&#x423;&#x41D;&#x411; &#x41C;&#x43E;&#x441;&#x43A;&#x432;&#x430;</subfield>
    <subfield code="c">20080208</subfield>
    <subfield code="g">rcr</subfield>
  </datafield>
  <datafield tag="801" ind1=" " ind2="1">
    <subfield code="a">RU</subfield>
    <subfield code="b">&#x426;&#x423;&#x41D;&#x411; &#x41C;&#x43E;&#x441;&#x43A;&#x432;&#x430;</subfield>
    <subfield code="c">20080208</subfield>
    <subfield code="2">rusmarc</subfield>
  </datafield>
  <datafield tag="801" ind1=" " ind2="2">
    <subfield code="a">RU</subfield>
    <subfield code="b">NLR</subfield>
    <subfield code="c">20080430</subfield>
    <subfield code="g">rcr</subfield>
  </datafield>
  <datafield tag="830" ind1=" " ind2=" ">
    <subfield code="a">&#x430;&#x432;&#x442;. &#x43F;&#x43E; &#x43A;&#x43D;.</subfield>
  </datafield>
  <datafield tag="942" ind1=" " ind2=" ">
    <subfield code="c">BOOK</subfield>
  </datafield>
  <datafield tag="980" ind1=" " ind2=" ">
    <subfield code="a">NB</subfield>
  </datafield>
  <datafield tag="995" ind1=" " ind2=" ">
    <subfield code="5">2008-04-30</subfield>
    <subfield code="a">ad</subfield>
    <subfield code="b">NLR01</subfield>
    <subfield code="c">NLR01</subfield>
    <subfield code="e">RF9</subfield>
    <subfield code="f">2663480</subfield>
    <subfield code="k">2008-3/12707</subfield>
    <subfield code="o">0</subfield>
    <subfield code="r">BOOK</subfield>
    <subfield code="s">2008312707_</subfield>
  </datafield>
  <datafield tag="995" ind1=" " ind2=" ">
    <subfield code="5">2008-04-30</subfield>
    <subfield code="a">ad</subfield>
    <subfield code="b">NLR01</subfield>
    <subfield code="c">NLR01</subfield>
    <subfield code="e">RF9</subfield>
    <subfield code="f">2663482</subfield>
    <subfield code="k">2008-3/12707</subfield>
    <subfield code="o">0</subfield>
    <subfield code="r">BOOK</subfield>
    <subfield code="s">2008312707_</subfield>
  </datafield>
</record>
